Outline of Comminications Industry '89 - '90 Japan
Sparad:
| Institutionell upphovsman: | |
|---|---|
| Materialtyp: | Bok |
| Språk: | Undetermined |
| Publicerad: |
Tokyo
Communications Industry Association of Japan
1990
|
| Ämnen: | |
| Taggar: |
Lägg till en tagg
Inga taggar, Lägg till första taggen!
|
| Thư viện lưu trữ: | Trung tâm Học liệu Trường Đại học Cần Thơ |
|---|
| LEADER | 00598nam a2200193Ia 4500 | ||
|---|---|---|---|
| 001 | CTU_98258 | ||
| 008 | 210402s9999 xx 000 0 und d | ||
| 082 | |a 384.31 | ||
| 082 | |b C734 | ||
| 110 | |a Communications Industry Association of Japan | ||
| 245 | 0 | |a Outline of Comminications Industry '89 - '90 Japan | |
| 245 | 0 | |c Communications Industry Association of Japan | |
| 260 | |a Tokyo | ||
| 260 | |b Communications Industry Association of Japan | ||
| 260 | |c 1990 | ||
| 650 | |a Communication | ||
| 650 | |z Japan | ||
| 904 | |i Hiếu | ||
| 980 | |a Trung tâm Học liệu Trường Đại học Cần Thơ | ||